000 01861nam a2200397 a 4500
001 ebr10670993
003 CaPaEBR
006 m u
007 cr cn|||||||||
008 091130s2009 nyuab sb 001 0 eng d
010 _z 2009279761
020 _z1606923668
020 _z9781606923665
020 _z9781613240977 (e-book)
040 _aCaPaEBR
_cCaPaEBR
035 _a(OCoLC)704278217
043 _aa-iq---
050 1 4 _aHD9576.I72
_bS73 2009eb
082 0 4 _a338.2/728209567
_222
245 0 0 _aStabilizing and rebuilding Iraq
_h[electronic resource] /
_cRussell E. Hargrove, editor.
260 _aNew York :
_bNova Science Publishers,
_cc2009.
300 _a114 p. :
_bill., col. map.
490 1 _aThe Middle East in turmoil series
504 _aIncludes bibliographical references and index.
505 0 _aIraq : oil and gas legislation, revenue sharing, and U.S. policy / Christopher M. Blanchard -- Stabilizing and rebuilding Iraq : Iraqi revenues, expenditures, and surplus / United States Government Accountability Office -- Rebuilding Iraq : serious challenges impair efforts to restore Iraq's oil sector and enact hydrocarbon legislation / Joseph A. Christoff.
533 _aElectronic reproduction.
_bPalo Alto, Calif. :
_cebrary,
_d2013.
_nAvailable via World Wide Web.
_nAccess may be limited to ebrary affiliated libraries.
650 0 _aPetroleum industry and trade
_zIraq.
650 0 _aPostwar reconstruction
_zIraq.
651 0 _aIraq
_xPolitics and government
_y2003-
651 0 _aIraq
_xEconomic conditions
_y21st century.
655 7 _aElectronic books.
_2local
700 1 _aHargrove, Russell E.
710 2 _aebrary, Inc.
830 0 _aMiddle East in turmoil series.
856 4 0 _uhttp://site.ebrary.com/lib/rucke/Doc?id=10670993
_zAn electronic book accessible through the World Wide Web; click to view
999 _c62213
_d62213